| 000 | 00716nam a2200181Ia 4500 | ||
|---|---|---|---|
| 008 | 100920s9999 xx 000 0 und d | ||
| 082 |
_b87712 _a320 0 |
||
| 100 | _aटिपनीस गोविंद गोपाळ. | ||
| 245 | _aकौटिलीय अर्थशास्त्र-प्रदीप. | ||
| 260 |
_bविरकुड सखाराम गोविंद. _c0 |
||
| 300 |
_a194 _bसाधी |
||
| 365 | _b1.5 | ||
| 520 | _aराजकारण. | ||
| 630 | _aकौटिलीय अर्थशास्त्र-प्रदीप. | ||
| 650 | _aराजकारण. | ||
| 730 | _aकौटिलीय अर्थशास्त्र-प्रदीप. | ||
| 942 | _cBOOK | ||
| 999 |
_c728221 _d728218 |
||